Normal view
MARC view
- Al-Ghazali, Ihya' Ulumuddin
Entry Personal Name
001 - CONTROL NUMBER
- control field: 1882
003 - CONTROL NUMBER IDENTIFIER
- control field: OSt
005 - DATE AND TIME OF LATEST TRANSACTION
- control field: 20170505161846.0
008 - FIXED-LENGTH DATA ELEMENTS
- fixed length control field: 170505|| aca||aabn | a|a d
040 ## - CATALOGING SOURCE
- Original cataloging agency: OSt
- Transcribing agency: OSt
100 ## - HEADING--PERSONAL NAME
- Personal name: Al-Ghazali, Ihya' Ulumuddin
670 ## - SOURCE DATA FOUND
- Source citation: Work cat.: (OSt)0: Al-Ghazali, Ihya' Ulumuddin, The fatawa of Imam Al-Ghazali (450-505 A.H./1058-1111 C.E.) /, 1996

PORTAL AKMAL
E-MEL JKDM
AKMAL2U
G-BAM
u-PUSTAKA